00347nam a2200157Ia 4500008004100000041000800041100001200049245002700061260002300088300000800111365001300119500000900132520001900141650001000160999001900170230605s2010 xx 000 0 und d aeng aBrother aFrench country Cooking bQuantum pub c2010 a256 b1846h20 a2029 aReference Copy aF. P. c419093d419093